<?xml version="1.0" encoding="UTF-8"?><?xml-stylesheet type="text/xsl" href="static/style.xsl"?><OAI-PMH xmlns="http://www.openarchives.org/OAI/2.0/" xmlns:xsi="http://www.w3.org/2001/XMLSchema-instance" xsi:schemaLocation="http://www.openarchives.org/OAI/2.0/ http://www.openarchives.org/OAI/2.0/OAI-PMH.xsd"><responseDate>2026-06-30T05:25:50Z</responseDate><request verb="GetRecord" identifier="oai:riubu.ubu.es:10259/11843" metadataPrefix="marc">https://riubu.ubu.es/oai/request</request><GetRecord><record><header><identifier>oai:riubu.ubu.es:10259/11843</identifier><datestamp>2026-06-16T00:05:29Z</datestamp><setSpec>com_10259_4839</setSpec><setSpec>com_10259_5086</setSpec><setSpec>com_10259_2604</setSpec><setSpec>col_10259_4840</setSpec></header><metadata><record xmlns="http://www.loc.gov/MARC21/slim" xmlns:doc="http://www.lyncode.com/xoai" xmlns:xsi="http://www.w3.org/2001/XMLSchema-instance" xmlns:dcterms="http://purl.org/dc/terms/" xsi:schemaLocation="http://www.loc.gov/MARC21/slim http://www.loc.gov/standards/marcxml/schema/MARC21slim.xsd">
<leader>00925njm 22002777a 4500</leader>
<datafield tag="042" ind1=" " ind2=" ">
<subfield code="a">dc</subfield>
</datafield>
<datafield tag="720" ind1=" " ind2=" ">
<subfield code="a">Pineda Martínez, María</subfield>
<subfield code="e">author</subfield>
</datafield>
<datafield tag="720" ind1=" " ind2=" ">
<subfield code="a">Llanos Ruiz, David</subfield>
<subfield code="e">author</subfield>
</datafield>
<datafield tag="720" ind1=" " ind2=" ">
<subfield code="a">Puente Torre, Paula</subfield>
<subfield code="e">author</subfield>
</datafield>
<datafield tag="720" ind1=" " ind2=" ">
<subfield code="a">García Delgado, Miguel Ángel</subfield>
<subfield code="e">author</subfield>
</datafield>
<datafield tag="260" ind1=" " ind2=" ">
<subfield code="c">2023-09</subfield>
</datafield>
<datafield tag="520" ind1=" " ind2=" ">
<subfield code="a">Today, the European Union and the governments of its constituent countries are focused on the development of the Sustainable Development Goals (SDGs) and the 2030 agenda—something that has been translated into education itself. Video games, gamification, and game-based learning have become different strategies and tools to enhance the learning process and some of the growing approaches used by teachers to develop sustainable education in classrooms. This research aims to analyze the characteristics to promote sustainability in education using games and technology, specifically in terms of learning benefits for higher education. A systematic review of the literature was conducted following the PRISMA methodology. At first, 2025 documents were found; after the filtering phases, the number of articles was reduced to 9, which were subsequently analyzed in depth. The results indicated that the benefits of the use of games mediated by technologies include the following: it favors education for sustainability, and it promotes the educational inclusion and the work of various social skills, such as collaborative and cooperative work. Also, there was an increase in the number of publications between 2019 and 2023, reflecting the growing interest in the topic. However, there are some research gaps in this field</subfield>
</datafield>
<datafield tag="024" ind2=" " ind1="8">
<subfield code="a">https://hdl.handle.net/10259/11843</subfield>
</datafield>
<datafield tag="024" ind2=" " ind1="8">
<subfield code="a">10.3390/su151713032</subfield>
</datafield>
<datafield tag="024" ind2=" " ind1="8">
<subfield code="a">2071-1050</subfield>
</datafield>
<datafield ind1=" " ind2=" " tag="653">
<subfield code="a">Video games</subfield>
</datafield>
<datafield ind1=" " ind2=" " tag="653">
<subfield code="a">Gamification</subfield>
</datafield>
<datafield ind1=" " ind2=" " tag="653">
<subfield code="a">Game-based learning</subfield>
</datafield>
<datafield ind1=" " ind2=" " tag="653">
<subfield code="a">Sustainable development</subfield>
</datafield>
<datafield ind1=" " ind2=" " tag="653">
<subfield code="a">Sustainability</subfield>
</datafield>
<datafield ind1=" " ind2=" " tag="653">
<subfield code="a">Higher education</subfield>
</datafield>
<datafield ind1=" " ind2=" " tag="653">
<subfield code="a">Undergraduate students</subfield>
</datafield>
<datafield ind1=" " ind2=" " tag="653">
<subfield code="a">College students</subfield>
</datafield>
<datafield tag="245" ind1="0" ind2="0">
<subfield code="a">Impact of Video Games, Gamification, and Game-Based Learning on Sustainability Education in Higher Education</subfield>
</datafield>
</record></metadata></record></GetRecord></OAI-PMH>